00530nam a2200229Ia 450000500170000000800460001702000180006303700100008104000080009104000080009904000080010704100080011504100080012308400080013110000310013924500320017026000230020226000090022536500050023436500080023985600530024720260324113235.0008 260324s9999 xx 000 0 eng d a9781003340904 aEBOOK aCRL beng cCRL 2eng aeng qCRL aMiguel A. Jiménez-Crespo 0aLocalization in Translation bTaylor and Francis c2024 a b230 uhttp://www.taylorfrancis.com/books/9781003340904